[Event "Niedersachsen-ch Seniors"]
[Site "Lehrte"]
[Date "2019.07.25"]
[Round "6"]
[White "Mueller, Bernd"]
[Black "Limper, Cornelia"]
[Result "1/2-1/2"]
[WhiteElo "1094"]
[BlackElo "1069"]
[PlyCount "43"]
[EventDate "2019.07.20"]
[EventType "swiss"]
[EventRounds "7"]
[EventCountry "GER"]
[SourceTitle "EXT 2023"]
[Source "ChessBase"]
[SourceDate "2022.10.05"]
[SourceVersion "1"]
[SourceVersionDate "2022.10.05"]
[SourceQuality "1"]

1. e4 d5 2. e5 c5 3. Nf3 Nc6 4. b3 e6 5. Bb2 Be7 6. Bb5 Nh6 7. 0-0 0-0 8. Bxc6 bxc6 9. d4 cxd4 10. Bxd4 Nf5 11. Bb2 Bd7 12. Re1 c5 13. Qe2 Rb8 14. Rd1 Qc8 15. Bc1 c4 16. Be3 a6 17. g4 Nxe3 18. Qxe3 cxb3 19. cxb3 h6 20. Rc1 Qb7 21. g5 f6 22. g6 1/2-1/2

[Event "Niedersachsen-ch op C"]
[Site "Verden"]
[Date "2018.01.05"]
[Round "3"]
[White "Schmidt, Ben"]
[Black "Limper, Cornelia"]
[Result "1-0"]
[WhiteElo "1270"]
[BlackElo "991"]
[PlyCount "77"]
[EventDate "2018.01.04"]
[EventType "swiss"]
[EventRounds "7"]
[EventCountry "GER"]
[SourceTitle "EXT 2022"]
[Source "ChessBase"]
[SourceDate "2021.10.06"]
[SourceVersion "1"]
[SourceVersionDate "2021.10.06"]
[SourceQuality "1"]

1. d4 e6 2. Nf3 b6 3. e3 Bb7 4. Bc4 Nf6 5. Nbd2 Be7 6. b3 0-0 7. Bb2 a6 8. Nh4 d5 9. Bd3 Nc6 10. c3 Ne4 11. Nhf3 Nxd2 12. Qxd2 Bf6 13. Qc2 g6 14. h4 Kg7 15. h5 Rh8 16. 0-0-0 Ne7 17. g4 Ng8 18. hxg6 h6 19. Rdg1 Bg5 20. Ne5 Qe7 21. gxf7 Nf6 22. f4 Ne4 23. fxg5 Qxg5 24. Qe2 Rad8 25. Bxe4 dxe4 26. Ba3 c5 27. dxc5 Qxe5 28. c6 Qxc3+ 29. Qc2 Qxe3+ 30. Kb1 Rc8 31. Bb2+ Kxf7 32. Bxh8 Qd3 33. Qxd3 exd3 34. cxb7 Rxh8 35. g5 d2 36. Rxh6 Rd8 37. Kc2 Rd6 38. b8Q Rc6+ 39. Kb2 1-0

[Event "Niedersachsen-ch op-D"]
[Site "Verden"]
[Date "2017.01.07"]
[Round "6"]
[White "Limper, Cornelia"]
[Black "Toepsch, Arne"]
[Result "0-1"]
[WhiteElo "1307"]
[BlackElo "1086"]
[PlyCount "64"]
[EventDate "2017.01.05"]
[EventType "swiss"]
[EventRounds "7"]
[EventCountry "GER"]
[SourceTitle "CBM 187 Extra"]
[Source "ChessBase"]
[SourceDate "2018.11.04"]
[SourceVersion "1"]
[SourceVersionDate "2018.11.04"]
[SourceQuality "1"]

1. e4 e5 2. Nf3 Nc6 3. d4 exd4 4. Bc4 Bc5 5. c3 dxc3 6. Bxf7+ Kxf7 7. Qd5+ Ke8 8. Qxc5 cxb2 9. Bxb2 Qe7 10. Qxe7+ Ngxe7 11. 0-0 d6 12. Bxg7 Rg8 13. Bb2 h5 14. Nh4 Be6 15. Nd2 Kd7 16. a3 Ng6 17. Nxg6 Rxg6 18. h3 Bxh3 19. g3 Bxf1 20. Kxf1 Rf8 21. Ke2 Ne5 22. Bxe5 dxe5 23. Rd1 Ke6 24. Nb3 b6 25. a4 Rgf6 26. Rf1 Rf3 27. Nd2 Ra3 28. Rh1 Rd8 29. Nb1 Ra1 30. Rc1 c5 31. a5 Rxa5 32. Nd2 Ra2 0-1

[Event "Lueneburg VMCG op C"]
[Site "Lueneburg"]
[Date "2016.07.08"]
[Round "7"]
[White "Niemann, Marcel"]
[Black "Limper, Cornelia"]
[Result "1-0"]
[WhiteElo "1049"]
[BlackElo "937"]
[PlyCount "53"]
[EventDate "2016.07.01"]
[EventType "swiss"]
[EventRounds "7"]
[EventCountry "GER"]
[SourceTitle "EXT 2024"]
[Source "ChessBase"]
[SourceDate "2023.10.10"]
[SourceVersion "1"]
[SourceVersionDate "2023.10.10"]
[SourceQuality "1"]

1. Nf3 Nf6 2. d4 e6 3. b3 b6 4. Bb2 Bb7 5. e3 c5 6. Nbd2 Be7 7. g3 Nc6 8. Bg2 Rb8 9. 0-0 0-0 10. Re1 d5 11. c4 Qd7 12. a3 a6 13. cxd5 exd5 14. Qc2 Nd8 15. Ne5 Qc7 16. b4 Ne6 17. Nb3 cxd4 18. Qxc7 Nxc7 19. Bxd4 Bc8 20. Nc6 Nb5 21. Nxb8 Nxd4 22. Nxd4 Bb7 23. Nbc6 Bd6 24. Rac1 Ne4 25. Bxe4 dxe4 26. Nf5 Rd8 27. Nxd8 1-0

[Event "Lueneburg VMCG op C"]
[Site "Lueneburg"]
[Date "2016.07.07"]
[Round "6"]
[White "Fuhrmann, Berndt"]
[Black "Limper, Cornelia"]
[Result "0-1"]
[WhiteElo "799"]
[BlackElo "937"]
[PlyCount "92"]
[EventDate "2016.07.01"]
[EventType "swiss"]
[EventRounds "7"]
[EventCountry "GER"]
[SourceTitle "EXT 2024"]
[Source "ChessBase"]
[SourceDate "2023.10.10"]
[SourceVersion "1"]
[SourceVersionDate "2023.10.10"]
[SourceQuality "1"]

1. e4 d5 2. d3 e5 3. Nf3 Nc6 4. c3 Nf6 5. Bg5 Be7 6. Bxf6 Bxf6 7. c4 dxe4 8. dxe4 Qxd1+ 9. Kxd1 Bg4 10. Be2 0-0-0+ 11. Nfd2 Bxe2+ 12. Kxe2 Nd4+ 13. Kd1 Bg5 14. g3 Nf3 15. Ke2 Nxd2 16. Rd1 Nxc4 17. Rxd8+ Rxd8 18. h4 Be7 19. b3 Na3 20. Nxa3 Bxa3 21. Rd1 Rd4 22. Rxd4 exd4 23. Kd3 c5 24. f4 Kd7 25. e5 Ke6 26. Kc4 a6 27. g4 f5 28. g5 Bc1 29. h5 Bxf4 30. h6 gxh6 31. gxh6 Bxe5 32. Kxc5 d3 33. a4 d2 34. Kb6 d1Q 35. a5 Qxb3+ 36. Ka7 Bd4+ 37. Ka8 Ke5 38. Kb8 b6 39. Kc7 Qc3+ 40. Kd7 Be3 41. Ke7 Qc7+ 42. Ke8 Ke6 43. Kf8 Kf6 44. Kg8 Qc8+ 45. Kxh7 Bxh6 46. Kxh6 Qh8# 0-1